00000000nam##2200000za#4500
0019.695433
003CaOODSP
00520210624234556
007cr |||||||||||
008150407|1999||||xxc|||||o    f|0| 0 eng|d
040 |aCaOODSP|beng
043 |an-cn---
0861 |aM92-180/1999E-PDF
1101 |aCanada.|bNatural Resources Canada. |bClimate Change Secretariat.
24510|aTaking action on climate change : |h[electronic resource]|bat home, at work, on the road
2461 |iAt head of title : |aGlobal climate change
260 |aOttawa - Ontario : |bNatural Resources Canada. |cc1999.
300 |a20p.|billus. (some coloured), photographs
500 |aAt head of title: Global climate change.
590 |a12-15-Supp|b2012-04-13
69007|aEnergy efficiency|2gcpds
77508|tPassez à l'action pour atténuer les changements climatiques : |w(CaOODSP)9.639569
7760#|tTaking action on climate change : |w(CaOODSP)9.647641
85640|ahttp://publications.gc.ca|qPDF|s663 KB|uhttps://publications.gc.ca/collections/Collection/M92-180-1999E.pdf
986 |aM27-01-1257E